000 00587nam a22002057a 4500
005 20151210072801.0
008 090608s2010 nyu b 001 0 eng
020 _a9780073378992
041 0 _aeng
080 _a32.019.5
100 1 _aRourke, John T.,
245 1 0 _aInternational politics on the world stage /
_cJohn T. Rourke, Mark A. Boyer.
250 _aBrief 8th ed.
260 _aNew York, NY :
_bMcGraw-Hill,
_c2010.
300 _a429 f.:
_bme il.;
_c23 cm,
505 _aIndex: f. 414 - 429
650 0 _aMarëdhëniet ndërkombëtare
650 0 _aPolitika
942 _2udc
_cBK
999 _c741
_d741